Statistics for Juventus All-Time Greatest XI

Click here to take the quiz!

General Stats

  • This quiz has been taken 415 times
  • The average score is 6 of 11

Answer Stats

Position: Nationality: Years Active: Player: % Correct
ForwardItaly1993-2012Alessandro del Piero
92%
MidfielderFrance1996-2001Zinedine Zidane
83%
DefenderFrance2001-2006Lilian Thuram
76%
GoalkeeperItaly1971-1983Dino Zoff
75%
MidfielderFrance1982-1987Michel Platini
72%
DefenderItaly1974-1988Gaetano Scirea
40%
ForwardWales1957-1962John Charles
37%
DefenderItaly1976-1989Antonio Cabrini
26%
DefenderItaly1973-1984Claudio Gentile
25%
MidfielderItaly1975-1985Marco Tardelli
25%
MidfielderItaly1946-1961Giampiero Boniperti
21%

Score Distribution

Percentile by Number Answered

Percent of People with Each Score

Your Score History

You have not taken this quiz